000 004120000a22001810004500
003 MACL
005 20150902162739.0
008 150902b xxu||||| |||| 00| 0 eng d
040 _aMACL
_cMACL
041 _aEnglish
082 _a800/BHA
100 _aBhalla, Alok
_98748
245 _aYatra
260 _bHerbert, Herring
_c1995
_aNoida
350 _a195
650 _aLiterature
_98749
942 _cBK
_k800
_2ddc
999 _c2770
_d2770